Nigeria : Staff Report for the 2013 Article IV Consultation.

This 2013 Article IV Consultation highlights Nigeria's poverty and income inequality that remain high and social and governance indicators that are below averages for sub-Saharan Africa. Growth is expected to remain strong, driven by agriculture, trade, and services. Inflation should continue t...

Fuld beskrivelse

Bibliografiske detaljer
Institution som forfatter: International Monetary Fund. African Dept
Format: Tidsskrift
Sprog:English
Udgivet: Washington, D.C. : International Monetary Fund, 2014.
Serier:IMF Staff Country Reports; Country Report ; No. 2014/103
Online adgang:Full text available on IMF
LEADER 01697cas a2200241 a 4500
001 AALejournalIMF022017
008 230101c9999 xx r poo 0 0eng d
020 |c 5.00 USD 
020 |z 9781484357903 
022 |a 1934-7685 
040 |a BD-DhAAL  |c BD-DhAAL 
110 2 |a International Monetary Fund.  |b African Dept. 
245 1 0 |a Nigeria :   |b Staff Report for the 2013 Article IV Consultation. 
264 1 |a Washington, D.C. :  |b International Monetary Fund,  |c 2014. 
300 |a 1 online resource (103 pages) 
490 1 |a IMF Staff Country Reports 
500 |a <strong>Off-Campus Access:</strong> No User ID or Password Required 
500 |a <strong>On-Campus Access:</strong> No User ID or Password Required 
506 |a Electronic access restricted to authorized BRAC University faculty, staff and students 
520 3 |a This 2013 Article IV Consultation highlights Nigeria's poverty and income inequality that remain high and social and governance indicators that are below averages for sub-Saharan Africa. Growth is expected to remain strong, driven by agriculture, trade, and services. Inflation should continue to decline, in line with a tight monetary policy, and a lowering trend in food prices from higher rice and wheat production. Transparency and governance in the oil sector should be enhanced, including by strengthening the regulatory framework through the passage of a sound Petroleum Industry Bill featuring stringent enforcement clauses. 
538 |a Mode of access: Internet 
830 0 |a IMF Staff Country Reports; Country Report ;  |v No. 2014/103 
856 4 0 |z Full text available on IMF  |u http://elibrary.imf.org/view/journals/002/2014/103/002.2014.issue-103-en.xml  |z IMF e-Library